The crisis of our time : reflections on the course of Western civilization, past, present, and future /

Bibliographic Details
Main Author: King, David B.
Format: Book
Language:English
Published: Selinsgrove [Pa.] : London : Susquehanna University Press ; Associated University Presses, [1988]
Subjects:

MARC

Tag First Indicator Second Indicator Subfields
LEADER 00000cam a2200000 a 4500
001 in00000020414
005 20151007053919.0
008 870325s1988 pau b 00110 eng
010 |a  86063055  
020 |a 0941664783 (alk. paper) 
035 |a (OCoLC)15519795 
035 |9 AAB3325AM 
040 |a DLC  |c DLC  |d TXA  |d UtOrBLW 
049 |a TXAM  |c [A11468268] 
050 0 0 |a CB245  |b .K544 1988 
082 0 |a 909/.09821  |2 19 
100 1 |a King, David B. 
245 1 4 |a The crisis of our time :  |b reflections on the course of Western civilization, past, present, and future /  |c David Burnett King. 
264 1 |a Selinsgrove [Pa.] :  |b Susquehanna University Press ;  |a London :  |b Associated University Presses,  |c [1988] 
264 4 |c ©1988 
300 |a 265 pages ;  |c 25 cm. 
336 |a text  |b txt  |2 rdacontent 
337 |a unmediated  |b n  |2 rdamedia 
338 |a volume  |b nc  |2 rdacarrier 
504 |a Bibliography: pages [256]-258. 
500 |a Includes index. 
650 0 |a Civilization, Western. 
999 |a MARS 
999 f f |s 3debeb92-dedf-3c50-962a-794ba6ff9026  |i 650a19fe-5632-3b84-bfa6-23dc4fba14a4  |t 0 
952 f f |p ric  |a Texas A&M University  |b Rellis Campus  |c Joint Library Facility  |d Remote Storage  |t 0  |e CB245 .K544 1988  |h Library of Congress classification  |i unmediated -- volume  |m A14811468268 
998 f f |a CB245 .K544 1988  |t 0  |l Remote Storage